LIBRARY & INFORMATION CENTRE, KCAET, TAVANUR

ONLINE PUBLIC ACCESS CATALOGUE (OPAC)

Eight famous plays / (Record no. 4440)

MARC details
000 -LEADER
fixed length control field 00367cam a2200145ua 4500
041 ## - LANGUAGE CODE
Language code of text/sound track or separate title eng
082 ## - DEWEY DECIMAL CLASSIFICATION NUMBER
Classification number 822
Item number STR/EI
100 ## - MAIN ENTRY--AUTHOR NAME
Personal name Strindberg, August .
245 ## - TITLE STATEMENT
Title Eight famous plays /
260 ## - PUBLICATION, DISTRIBUTION, ETC. (IMPRINT)
Place of publication New York :
Name of publisher Charles Scribners Sons ,
Year of publication 1953.
300 ## - PHYSICAL DESCRIPTION
Number of Pages 463 ; .
942 ## - ADDED ENTRY ELEMENTS (KOHA)
Koha item type Books
Holdings
Withdrawn status Lost status Damaged status Home library Current library Date acquired Cost, normal purchase price Full call number Accession Number Koha item type Public note
Withdrawn     KAUAET Sanskrit University 07/04/2012 21.00 822 7053 Books Transferred to Sanskrit University
free website counter